00906cam a2200229 i 4500999001500000003000400015005001700019008004100036020001500077040001400092245017100106260005000277300002800327490002000355504004100375650004900416700003100465700002600496700002900522942001300551952011200564 c7412d7412OSt20211118123333.0751126s1975 sp a b 000 0 spa  a8422940256 aDLCcCDMR00aPrensa y sociedad en España (1820-1936) /cManuel Tuñón de Lara ... [et al. ; ed. a cargo de Manuel Tuñón de Lara, Antonio Elorza y Manuel Pérez Ledesma]. aMadrid :bCuadernos para el Diálogo,c1975. a290 pàgines; c21 cm.0 aColección ITS aIncludes bibliographical references. 0aPremsazEspanyaxHistòria93729y1820-19362 aTuñón de Lara, Manuel.1 aElorza, Antonio920152 aPérez Ledesma, Manuel. 2udccMON 00104070aCDMRbCDMRd2021-11-18eDonacióg8.00l0oDt 13/62pCDMR21110028r2021-11-18w2021-11-18yMON